000 00576nam a2200193Ia 4500
003 GCL
008 140319s9999 xx 000 0 ara d
040 _aGCL /
_cGCL
082 0 4 _a953.02
_bم ا
100 1 _aمحمد ابوالفضل ابراهيم
245 1 0 _aايام العرب فى الاسلام /
_cمحمد ابوالفضل ابراهيم
700 1 _aعلى محمد البجاوى
300 _a532 ص
490 _a
650 0 4 _aالتاريخ الاسلامى
650 0 4 _aالعرب
650 0 4 _aالغزوات الاسلامية
942 _2ddc
_cBK
999 _c37600
_d37600